000 00554nam a2200229Ia 4500
003 OSt
005 20221006141332.0
006 a|||||r|||| 00| 0
007 ta
008 221006b |||||||| |||| 00| 0 eng d
024 _a1,882
037 _cTextual
040 _aEASL
_cEASL
_beng
041 _2eng
_aeng
082 _aV41:19.N83, M4
100 _aKIM Samual
_9645405
245 0 _aChina and the world
260 _c1984
300 _ap.
_ccm.
942 _hV41:19.N83, M4
_cTEXL
_2CC
999 _c1069968
_d1069968